| 000 | 00313 a2200097 4500 | ||
|---|---|---|---|
| 082 | _a025.04 GON | ||
| 100 | _aGonzalez, Mario J. | ||
| 245 |
_aSHRP Archival Database B User's Manual Version 2.0 / _cMario J. Gonzalez |
||
| 260 |
_aWashington : _bNational Research Council, _c1993 |
||
| 300 |
_av, 72p. : _bill. ; _c30 cm |
||
| 650 | _aAsphalt Database | ||
| 999 |
_c2039 _d2039 |
||